Bilecik Bilecik Bilecik Bilecik Bilecik

Şeyhi'nin Harname'si üzerinde dil araştırmaları/ (Record no. 58762)

MARC details
000 -BAŞLIK
Sabit Uzunluktaki Kontrol Alanı 00908nam a22002777a 4500
001 - KONTROL NUMARASI
Control Dosyası 0058958
003 - KONTROL NUMARASI KİMLİĞİ
Kontrol Alanı KOHA_MİRAKIL
005 - EN SON İŞLEM TARİHİ ve ZAMANI
Kontrol Alanı 20260207004212.0
007 - FİZİKSEL TANIM SABİT ALAN - GENEL BİLGİ
Sabit uzunluklu kontrol alanı ta
008 - SABİT UZUNLUKTAKİ VERİ ÖGELERİ - GENEL BİLGİ
Sabit Alan 160726b1965 tu |||gr||||#||||1|tur |
040 ## - KATALOGLAMA KAYNAĞI
Özgün Kataloglama Kurumu TR-BiSEU
Kataloglama Dili tur
Çeviri Kurumu TR-BiSEU
Açıklama Kuralları rda
041 0# - DİL KODU
Metin ya da ses kaydının dil kodu tur
-- ara
044 ## - YAYINLAYAN/ÜRETEN KURULUŞUN ÜLKE KODU
ISO country code tu
050 ## - SINIFLAMA ve YER NUMARASI
Sınıflama Numarası PL210.1.S36
Yer Numarası H22 1965
100 1# - KİŞİ ADI
Yazar Adı (Kişi adı) Timurtaş, Faruk K..
245 1# - ESER ADI BİLDİRİMİ
Başlık Şeyhi'nin Harname'si üzerinde dil araştırmaları/
Sorumluluk Bildirimi Faruk K. Timurtaş ; Faruk K. Timurtaş.
264 #1 - ÜRERİM, YAYIN, DAĞITIM ve TELİF BİLDİRİMİ
Yayın yeri Ankara :
Yayınlayan Ankara Üniversitesi
Yayın tarihi 1965
300 ## - FİZİKSEL TANIMLAMA
Sayfa, Cilt vb. 32 sayfa; 25 cm.
336 ## - İÇERİK TÜRÜ
Content type term metin
Content type code txt
Source rdacontent
337 ## - MEDYA TÜRÜ
Media type term aracısız
Media type code n
Source rdamedia
338 ## - TAŞIYICI TÜRÜ
Carrier type term cilt
Carrier type code nc
Source rdacarrier
500 ## - GENEL NOT
Genel Not (Türk Kültür Araştırmalarıo Cilt: I, 1964, Sayı : 2'den ayrıbasım)
650 #0 - KONU BAŞLIĞI EK GİRİŞ - KONU TERİMİ
Konusal terim veya coğrafi ad Şeyhi--Harname--İnceleme.
9 (RLIN) 109107
650 #0 - KONU BAŞLIĞI EK GİRİŞ - KONU TERİMİ
Konusal terim veya coğrafi ad Harname--Dilbilgisi--İnceleme.
9 (RLIN) 109108
942 ## - EK GİRİŞ ÖGELERİ (KOHA)
Source of classification or shelving scheme Library of Congress Classification
Koha item type Book
Holdings
Materyal Türü Kalıcı Konum Mevcut Konum Raf Yeri Sınıflandırma Kaynağı Edinim Bilgisi Ana Konular Alt Konular Yer Numarası Demirbaş Numarası Fatura Tarihi Geri Çekilme Durumu Kayıp Durumu Hasarlı Durumu Kredi için değil Kayıt Tarih Toplam Ödünçverme Son Görülme Tarihi Son Kontrol Tarihi Genel / Bağış Notu
Book Prof. Dr. Azmi Özcan Kütüphanesi Prof. Dr. Azmi Özcan Kütüphanesi Birûni Salonu Library of Congress Classification Bağış DİL VE EDEBİYAT Doğu Asya, Afrika, Okyanusya Dilleri ve Edebiyatları PL210.1.S36 H22 1965 0058958 02/02/2026         26/07/2016   05/12/2024 05/12/2024 Abdulkerim Abdulkadiroğlu, Akademisyen